00961 a2200205 450000500170000000800410001702000180005804000610007604100080013710000270014524501170017226000900028930000720037950400410045161000580049265000610055065000590061165000670067070000180073720240222132519.0160311s2015 ck abd|gr|||| 000 0 spa d a9789588677262 aCO-BoUCMbspacSandra PalaciodDavid Moreno (modificó)0 aspa1 aGuhl Nannetti, Ernesto13aLa gestión ambiental en Colombia, 1994 - 2014b¿un esfuerzo insostenible?cErnesto Guhl Nannetti, Pablo Leyva aBogotá, COLbFriedrich Ebert Stiftung bFNA. Foro Nacional AmbientalbQuinaxic2015 a223 Páginasbilustraciones, mapas, tablas, gráficas y diagramas aIncluye referencias bibliográficas aMinisterio de AmbientexHistoriay1994-2014zColombia17aPolítica de gestión ambiental zColombia y1994-201417aProtección del medio ambiente y1994-2014zColombia 17aConservación de los recursos naturales y1994-2014zColombia1 aLeyva, Pablo